Five Biggest Countries by Groups - Statistics

General Stats
  • This quiz has been taken 749 times
  • The average score is 30 of 40
Answer Stats
Hint Answer % Correct
NATO United States
99%
APEC United States
99%
Begins with a Vowel United States
98%
Latin America Brazil
96%
Bordering Russia China
96%
APEC China
96%
Latin America Argentina
95%
Begins with a Vowel Argentina
95%
NATO France
94%
NATO Canada
92%
APEC Canada
92%
NATO Germany
91%
Bordering Russia Mongolia
89%
Latin America Peru
89%
Latin America Colombia
87%
Bordering Russia Ukraine
87%
Latin America Mexico
86%
Majority-Muslim Kazakhstan
85%
Bordering Russia Kazakhstan
85%
Majority-Muslim Saudi Arabia
84%
Majority-Muslim Indonesia
83%
NATO Spain
83%
Majority-Muslim Algeria
81%
Closer to Italy than Israel is Algeria
81%
Begins with a Vowel Algeria
81%
Begins with a Vowel India
80%
Closer to Italy than Israel is Russia
77%
APEC Russia
77%
APEC Australia
76%
Begins with a Vowel Australia
76%
Closer to Italy than Israel is Libya
68%
Bordering Russia Finland
65%
Majority-Muslim Sudan
56%
Closer to Italy than Israel is Niger
48%
Closer to Italy than Israel is Chad
45%
Recognizes Taiwan Paraguay
24%
Recognizes Taiwan Guatemala
19%
Recognizes Taiwan Nicaragua
19%
Recognizes Taiwan Honduras
18%
Recognizes Taiwan Burkina Faso
3%
No matching quizzes found
Score Distribution
Percent of People with Each Score
Percentile by Number Answered
Your Score History
You have not taken this quiz